02136cam a22003854a 450000100090000000300060000900500170001500600190003200700150005100800410006601500190010702000150012602000180014103500560015904001090021504200080032405000240033208200220035610000200037824500860039825000190048426400550050326400110055830000850056933600260065433700280068033800270070850505450073550502300128053800380151065000240154865000260157270000190159877601330161743076897OCoLC20190116143041.0m f b co cgu---uuuuu991213t20012001njua 001 0 eng  aGBA0550802bnb a0130856347 a9780130856340 a(OCoLC)43076897z(OCoLC)122973932z(OCoLC)316330942 aDLCbengcDLCdUKMdC#PdUGXdFVCdYDXCPdIG#dSTFdHEBISdDEBBGdXVFdOCLCFdOCLCOdI8MdOCLCQdUtOrBLW apcc00aTK7868.D5bT62 200100a621.38221bT631D1 aTocci, Ronald J10aDigital systems :bprinciples and applications /cRonald J. Tocci, Neal S. Widmer aEighth edition 1aUpper Saddle River, N.J. :bPrentice Hall,c[2001] 4c©2001 axxvi, 881 pages :billustrations ;c26 cm +e1 computer optical disc (4 3/4 in.) atextbtxt2rdacontent aunmediatedbn2rdamedia avolumebnc2rdacarrier0 a1. Introductory concepts -- 2. Number systems and codes -- 3. Logic gates and Boolean algebra -- 4. Combinational logic circuits -- 5. Flip-flops and related devices -- 6. Digital arithmetic: operations and circuits -- 7. Counters and registers -- 8. Integrated-circuit logic families -- 9. MSI logic circuits -- 10. Interfacing with the analog world -- 11. Memory devices -- 12. Applications of a programmable logic device -- Appendix A. Introduction to the microprocessor and the microcomputer -- Appendix B. Manufacturers' IC data sheets1 a[Disco 1]. Electronics Workbench Circuit Files, CircuitMaker Circuit Files & Student Version Software, Demo Version of CUPl to accompany Digital Systems -- [Disco 2.] Texas Instruments Data Sheets to accompany Digital Systems aSystem requirements are not noted 0aDigital electronics 4aElectrónica digital1 aWidmer, Neal S08iOnline version:aTocci, Ronald J.tDigital systems.b8th ed.dUpper Saddle River, N.J. : Prentice Hall, ©2001w(OCoLC)742079405